Statistiques concernant Pays les plus proches de la Suède - une minute sprint

Cliquez ici pour prendre le quiz!

Statistiques générales

  • Ce quiz a été pris 181 fois
  • Le résultat moyen est 16 sur 20

Statistiques - réponses

kmpays% Correct
0Finlande
99%
0Norvège
99%
72Allemagne
97%
4Danemark
96%
208Russie
93%
776France
91%
154Pologne
89%
150Estonie
88%
144Lettonie
88%
195Lituanie
88%
433Pays-Bas
88%
658Belgique
85%
515Biélorussie
71%
685Royaume-Uni
71%
732Luxembourg
68%
710Autriche
58%
480Tchéquie
58%
694Ukraine
53%
718Slovaquie
51%
846Hongrie
45%

Distribution des résultats

Percentile par nombre de réponses

% des personnes avec chaque résultat

Votre développement - résultats

Vous n’avez pas pris ce quiz